<?xml version="1.0" encoding="UTF-8"?><?xml-stylesheet type="text/xsl" href="static/style.xsl"?><OAI-PMH xmlns="http://www.openarchives.org/OAI/2.0/" xmlns:xsi="http://www.w3.org/2001/XMLSchema-instance" xsi:schemaLocation="http://www.openarchives.org/OAI/2.0/ http://www.openarchives.org/OAI/2.0/OAI-PMH.xsd"><responseDate>2026-04-13T07:18:53Z</responseDate><request verb="GetRecord" identifier="oai:www.recercat.cat:2099.1/10226" metadataPrefix="marc">https://recercat.cat/oai/request</request><GetRecord><record><header><identifier>oai:recercat.cat:2099.1/10226</identifier><datestamp>2025-07-23T04:02:40Z</datestamp><setSpec>com_2072_1033</setSpec><setSpec>col_2072_452951</setSpec></header><metadata><record xmlns="http://www.loc.gov/MARC21/slim" xmlns:dcterms="http://purl.org/dc/terms/" xmlns:xsi="http://www.w3.org/2001/XMLSchema-instance" xmlns:doc="http://www.lyncode.com/xoai" xsi:schemaLocation="http://www.loc.gov/MARC21/slim http://www.loc.gov/standards/marcxml/schema/MARC21slim.xsd">
   <leader>00925njm 22002777a 4500</leader>
   <datafield ind2=" " ind1=" " tag="042">
      <subfield code="a">dc</subfield>
   </datafield>
   <datafield ind2=" " ind1=" " tag="720">
      <subfield code="a">Aires Casas, Francisco Manuel</subfield>
      <subfield code="e">author</subfield>
   </datafield>
   <datafield ind2=" " ind1=" " tag="260">
      <subfield code="c">2010-03-05</subfield>
   </datafield>
   <datafield ind2=" " ind1=" " tag="520">
      <subfield code="a">El proyecto que se presenta a continuación consiste en el uso de los&#xd;
materiales superconductores para el diseño de dispositivos limitadores, que&#xd;
permitan proteger parte de la circuitería existente en algunos sistemas de&#xd;
comunicación, como pueden ser los radar, potencialmente sujetos a señales&#xd;
“jamming”.&#xd;
En este sentido, actualmente se utiliza una línea pasante&#xd;
superconductora/limitadora, que actúa a modo de seguridad en caso de&#xd;
sobrecarga para proteger la circuitería. Al ser la línea pasante un dispositivo&#xd;
de banda ancha, cuando esta limita, provoca la eliminación de la recepción de&#xd;
señal en todo el ancho de banda durante un cierto tiempo.&#xd;
Teniendo en cuenta esto, el objetivo principal del proyecto consiste en diseñar&#xd;
un banco de filtros-limitadores superconductores, que actúen como&#xd;
preselectores, aprovechando las propiedades del material superconductor.&#xd;
Este sistema es capaz de bloquear señales de alta potencia (transmisores de&#xd;
radar próximos, descargas eléctricas…) en un pequeño rango de frecuencias,&#xd;
consiguiendo de este modo no cancelar toda la señal entrante, además de&#xd;
proteger la circuitería. A la práctica este dispositivo se comporta como un filtro&#xd;
de banda eliminada sintonizable en tiempos de nanosegundos.&#xd;
Para un análisis de dicha propuesta, se ha realizado un estudio de forma&#xd;
sistemática. Comenzando por el desarrollo teórico del procedimiento a seguir,&#xd;
la obtención de las ecuaciones de los circuitos mediante diferentes&#xd;
estructuras, y concluyendo con la comparación y análisis de los diferentes&#xd;
resultados obtenidos.&#xd;
Durante la realización del proyecto se han requerido diferentes herramientas,&#xd;
cuyo aprendizaje ha sido necesario: estudio del método Weeks, teorías de&#xd;
resonadores y filtros, diferentes programas (ADS y Matlab) y rutinas&#xd;
matemáticas desarrolladas (Weeks-Sheen).&#xd;
El resultado final del estudio es positivo, pues se ve muy factible su&#xd;
realización, siempre y cuando se efectúe una elección adecuada de los&#xd;
parámetros estructurales que conlleven a una utilización idónea del mismo. Es&#xd;
decir, que según la necesidad de uso, es requerido un tipo de estructura con&#xd;
unas características u otras.</subfield>
   </datafield>
   <datafield tag="653" ind2=" " ind1=" ">
      <subfield code="a">Àrees temàtiques de la UPC::Enginyeria de la telecomunicació::Processament del senyal::Processament del senyal en les telecomunicacions</subfield>
   </datafield>
   <datafield tag="653" ind2=" " ind1=" ">
      <subfield code="a">Signal processing</subfield>
   </datafield>
   <datafield tag="653" ind2=" " ind1=" ">
      <subfield code="a">Superconductors</subfield>
   </datafield>
   <datafield tag="653" ind2=" " ind1=" ">
      <subfield code="a">Limitador</subfield>
   </datafield>
   <datafield tag="653" ind2=" " ind1=" ">
      <subfield code="a">Superconductor</subfield>
   </datafield>
   <datafield tag="653" ind2=" " ind1=" ">
      <subfield code="a">Filtres</subfield>
   </datafield>
   <datafield tag="653" ind2=" " ind1=" ">
      <subfield code="a">Multiplexors</subfield>
   </datafield>
   <datafield tag="653" ind2=" " ind1=" ">
      <subfield code="a">Processament del senyal</subfield>
   </datafield>
   <datafield tag="653" ind2=" " ind1=" ">
      <subfield code="a">Superconductors</subfield>
   </datafield>
   <datafield ind2="0" ind1="0" tag="245">
      <subfield code="a">Estudio para la implementación de un banco de filtros-limitadores superconductor</subfield>
   </datafield>
   <datafield ind2="0" ind1="0" tag="245">
      <subfield code="a">Study for the implementation of a bank of superconducting filters-limiters</subfield>
   </datafield>
</record></metadata></record></GetRecord></OAI-PMH>